| 000 | 00800cam a2200289 4500500 | ||
|---|---|---|---|
| 005 | 20260329004508.0 | ||
| 041 | _afre | ||
| 042 | _adc | ||
| 100 | 1 | 0 |
_aEnjalbert, Cédric _eauthor |
| 245 | 0 | 0 | _aTrafic d’influences |
| 260 | _c2020. | ||
| 500 | _a35 | ||
| 690 | _aAdmiration | ||
| 690 | _aClaire Balleys | ||
| 690 | _aInfluence | ||
| 690 | _aInfluenceurs | ||
| 690 | _aInternet | ||
| 690 | _aJean-Claude Monod | ||
| 690 | _aJeunesse | ||
| 690 | _aLéa Elui | ||
| 690 | _aNormand Baillargeaon | ||
| 690 | _aRéseaux sociaux | ||
| 690 | _aSqueezie | ||
| 690 | _aTibo InShape | ||
| 786 | 0 | _nPhilosophie magazine | 137 | 3 | 2020-03-01 | p. 28-29 | 1951-1787 | |
| 856 | 4 | 1 | _uhttps://shs.cairn.info/magazine-philosophie-magazine-2020-3-page-28?lang=fr&redirect-ssocas=7080 |
| 999 |
_c1834462 _d1834462 |
||